[Event "SIN-ch U16"]
[Site "Singapore"]
[Date "2009.01.08"]
[Round "7"]
[White "Lim, De Li Derek"]
[Black "Chan, Yi Jun Timothy"]
[Result "1-0"]
[WhiteElo "1735"]
[BlackElo "1660"]
[PlyCount "81"]
[EventDate "2009.01.03"]
[EventType "swiss"]
[EventRounds "9"]
[EventCountry "SIN"]
[SourceTitle "EXT 2011"]
[Source "ChessBase"]
[SourceDate "2010.11.26"]
[SourceVersion "1"]
[SourceVersionDate "2010.11.26"]
[SourceQuality "1"]

1. e4 e5 2. Nf3 d6 3. Bc4 Nf6 4. Nc3 Be7 5. d4 exd4 6. Nxd4 0-0 7. h3 Nbd7 8. Be3 Nc5 9. f3 Ne8 10. Qe2 Bh4+ 11. Bf2 Bxf2+ 12. Qxf2 Qg5 13. h4 Qh6 14. Nd5 Ne6 15. Nf5 Qg6 16. Nde7+ Kh8 17. Nxg6+ hxg6 18. Nd4 Nc5 19. h5 g5 20. 0-0-0 a6 21. Nb3 Nd7 22. f4 b5 23. Bd5 Rb8 24. fxg5 Ne5 25. g6 f6 26. Nd4 Ng4 27. Qf4 Nh6 28. Nf5 Bxf5 29. exf5 Rc8 30. g4 c6 31. Be6 Rd8 32. g5 fxg5 33. Qxg5 Nf6 34. Rdg1 d5 35. Qxh6+ gxh6 36. g7+ Kh7 37. gxf8Q Rxf8 38. Rg6 Re8 39. Rxf6 Re7 40. Rg1 Rc7 41. Bg8+ 1-0

[Event "SIN-ch U16"]
[Site "Singapore"]
[Date "2009.01.04"]
[Round "3"]
[White "Chan, Yi Jun Timothy"]
[Black "Lo, Yin Ling Melissa"]
[Result "0-1"]
[WhiteElo "1660"]
[BlackElo "1767"]
[PlyCount "126"]
[EventDate "2009.01.03"]
[EventType "swiss"]
[EventRounds "9"]
[EventCountry "SIN"]
[SourceTitle "EXT 2011"]
[Source "ChessBase"]
[SourceDate "2010.11.26"]
[SourceVersion "1"]
[SourceVersionDate "2010.11.26"]
[SourceQuality "1"]

1. e4 c5 2. Nc3 d6 3. g3 g6 4. Bg2 Bg7 5. d3 Nc6 6. f4 Nf6 7. Nf3 0-0 8. 0-0 Be6 9. Be3 Qd7 10. Rb1 Ng4 11. Bd2 Nh6 12. a3 Bg4 13. Kh1 Nd4 14. Nd5 Kh8 15. c3 Nxf3 16. Bxf3 Bh3 17. Bg2 Bxg2+ 18. Kxg2 f5 19. Qf3 e6 20. Ne3 Rf7 21. Kg1 Raf8 22. Nc4 fxe4 23. dxe4 b5 24. Ne3 e5 25. Nd5 Ng4 26. Qg2 Nf6 27. Nxf6 Rxf6 28. fxe5 dxe5 29. Be3 c4 30. Rbd1 Rxf1+ 31. Rxf1 a6 32. Bc5 Rxf1+ 33. Qxf1 Kg8 34. Be3 Qg4 35. Qg2 Qd1+ 36. Qf1 Qxf1+ 37. Kxf1 Kf7 38. Kf2 Ke6 39. h3 h5 40. Kf3 Bf6 41. g4 Kf7 42. g5 Bd8 43. Kg3 Ke6 44. Kf3 Kd6 45. Kg3 Kc6 46. Kf3 Bb6 47. h4 Bxe3 48. Kxe3 Kb6 49. Kd2 Ka5 50. Kc1 Ka4 51. Kc2 a5 52. Kd2 Kb3 53. Kc1 b4 54. axb4 axb4 55. cxb4 Kxb4 56. Kc2 Kb5 57. b3 Kc5 58. bxc4 Kxc4 59. Kd2 Kd4 60. Ke2 Kxe4 61. Kd2 Kf3 62. Kd3 e4+ 63. Kd2 Kf2 0-1